000 00409nam a22001577a 4500
005 20250812100037.0
008 250812b |||||||| |||| 00| 0 eng d
082 _a820.1
_bLAM-T
100 _aLaamb, Mary Charles
245 _aTales From Shakespeare /
260 _aindia:
_bPearson;
_c2000.
300 _axiv, 264 p. :
_c20 cm.
500 _ainclude index.
650 _aEnglish Litreature
999 _c37013
_d37013